Morton Deutsch: A Pioneer in Developing Peace Psychology

Commemorating Morton Deutsch’s 95th birthday, this book presents ten major texts by this highly respected social psychologist on war and peace. This first volume presents Deutsch in his role as a leading social science activist on issues of war and peace – writing papers, making speeches and partici...

Full description

Bibliographic Details
Main Authors: Coleman, Peter T. (Author), Deutsch, Morton (Author)
Corporate Author: SpringerLink (Online service)
Format: Electronic eBook
Language:English
Published: Cham : Springer International Publishing : Imprint: Springer, 2015.
Series:SpringerBriefs on Pioneers in Science and Practice, 30
Subjects:
Online Access:Full Text via HEAL-Link
LEADER 03313nam a22005655i 4500
001 978-3-319-15440-4
003 DE-He213
005 20151204173455.0
007 cr nn 008mamaa
008 150121s2015 gw | s |||| 0|eng d
020 |a 9783319154404  |9 978-3-319-15440-4 
024 7 |a 10.1007/978-3-319-15440-4  |2 doi 
040 |d GrThAP 
050 4 |a K3581-3598.22 
050 4 |a GE170 
050 4 |a HC79.E5 
050 4 |a GE220 
072 7 |a LNKJ  |2 bicssc 
072 7 |a RNA  |2 bicssc 
072 7 |a LAW034000  |2 bisacsh 
082 0 4 |a 344.046  |2 23 
082 0 4 |a 363.70561  |2 23 
100 1 |a Coleman, Peter T.  |e author. 
245 1 0 |a Morton Deutsch: A Pioneer in Developing Peace Psychology  |h [electronic resource] /  |c by Peter T. Coleman, Morton Deutsch. 
264 1 |a Cham :  |b Springer International Publishing :  |b Imprint: Springer,  |c 2015. 
300 |a XVI, 139 p. 21 illus., 14 illus. in color.  |b online resource. 
336 |a text  |b txt  |2 rdacontent 
337 |a computer  |b c  |2 rdamedia 
338 |a online resource  |b cr  |2 rdacarrier 
347 |a text file  |b PDF  |2 rda 
490 1 |a SpringerBriefs on Pioneers in Science and Practice,  |x 2194-3125 ;  |v 30 
505 0 |a Autobiography of Morton Deutsch: A Personal Perspective on the Development of Social Psychology in the Twentieth Century -- Selected Bibliography of Morton Deutsch’s Writings -- Cooperation, Competition and Conflict -- A Framework for Thinking About Oppression and Conflict -- Interdependence and Psychological Orientation. 
520 |a Commemorating Morton Deutsch’s 95th birthday, this book presents ten major texts by this highly respected social psychologist on war and peace. This first volume presents Deutsch in his role as a leading social science activist on issues of war and peace – writing papers, making speeches and participating in demonstrations. After serving in the U.S. Air Force during World War II and being awarded two Distinguished Flying Cross medals, as a psychologist he was determined to work for a more peaceful world. Influenced by Kurt Lewin, who believed that nothing was as practical as a good theory, Deutsch pursued theoretical work on such issues as cooperation-competition, conflict resolution and social justice with regard to issues of war and peace. As President of the Society for the Study of Peace, Conflict and Violence, the Society for the Psychological Study of Social Issues and the International Society of Political Psychology, he helped to foster social science efforts to make for a more peaceful world. 
650 0 |a Environment. 
650 0 |a History. 
650 0 |a International humanitarian law. 
650 0 |a Environmental law. 
650 0 |a Environmental policy. 
650 1 4 |a Environment. 
650 2 4 |a Environmental Law/Policy/Ecojustice. 
650 2 4 |a History of Science. 
650 2 4 |a International Humanitarian Law, Law of Armed Conflict. 
700 1 |a Deutsch, Morton.  |e author. 
710 2 |a SpringerLink (Online service) 
773 0 |t Springer eBooks 
776 0 8 |i Printed edition:  |z 9783319154398 
830 0 |a SpringerBriefs on Pioneers in Science and Practice,  |x 2194-3125 ;  |v 30 
856 4 0 |u http://dx.doi.org/10.1007/978-3-319-15440-4  |z Full Text via HEAL-Link 
912 |a ZDB-2-EES 
950 |a Earth and Environmental Science (Springer-11646)